| 000 | 00501nam a2200169 i 4500 | ||
|---|---|---|---|
| 001 | 94901 | ||
| 003 | ES-MaACL | ||
| 005 | 20230906181559.0 | ||
| 007 | t| | ||
| 008 | 050517s1937 be ||||1| fre d | ||
| 100 | 1 |
_aLuciani, Georges. _974577 |
|
| 245 | 1 | 0 |
_aSix ans á Moscou / _cGeorges Luciani ; préface de Henry Rollin. |
| 260 |
_aParis-Picart : _b[s.n.], _c1937 ( _fImp. Erasmus Giraud) |
||
| 300 |
_a429 p. ; _c26 cm. |
||
| 700 | 1 |
_aRollin, Henri. _999190 |
|
| 852 |
_aES-MaACL _jB-9585 _bR.19356 |
||
| 999 |
_c94901 _d94901 |
||